000 00879nam a2200301Ia 4500
001 E2233
003 IT-RoPAU
008 130308s9999 xx 000 0 und d
040 _aIT-RoPAU
040 _cIT-RoPAU
041 _aPORTOGHESE
100 _aDa Silva Ramalho E Bontempi Eliane
100 _gCodice Aut. SPICS: 47738
245 _aPratica radiofonica popular
245 _bComo Organizar a pastoral da Comunicacao
250 _a1a ed.
260 _aSAO PAULO
260 _bEdicoes Paulinas
260 _c1989 [1° Ed.:1989 - Ed.Ling.Originale:1989]
300 _a"10 p. (prefazione: no ; testo: 10 [pagine: 185-194])"
500 _aPratica radiofonica Popolare. Radio Popolare e Radio Commerciale. Radio Popolare.
650 _aTEORIA PASTORALE
650 _eCodice materia Spics: 9301
942 _cBK
957 _71
999 _c76916
_d76916
999 _bSI
999 _g1